000
00223 a2200097 4500
001
25998
100
_a
Army Material Comn
245
_a
Engineering design handbook 706-270
260
_a
_b
AMC(USA)
_c
090
_c
17593
_d
17593
942
_a
NUST-CAE
_c
M
_c
8439
999
_c
261071
_d
261071